| 000 | 00533nam a22001817a 4500 | ||
|---|---|---|---|
| 005 | 20251108165539.0 | ||
| 008 | 250721s1994 xx 000 0 ara d | ||
| 082 | 1 | 4 | _aط/001.64/كيل |
| 100 | 1 | _aكيلي، جون | |
| 245 | 1 | 0 | _aالحيوانات الآلية / |
| 264 | 1 |
_aالقاهرة : _bشركة سفير، _c1994. |
|
| 300 | _a48ص : مص | ||
| 650 | 1 | 7 | _aالحواسيب |
| 653 | _aناشئون كبار (15-18) سنة | ||
| 700 | 1 |
_aالمرسي، علي علي _eترجمة |
|
| 942 |
_2ddc _cBK |
||
| 999 |
_c30474 _d30474 |
||